[Event "Open Tabor 2019"]
[Site "?"]
[Date "2019.08.03"]
[Round "8.19"]
[White "Pavlicek, Petr"]
[Black "Privoznik, Lubos"]
[Result "1/2-1/2"]
[WhiteElo "1828"]
[BlackElo "1566"]
[PlyCount "29"]
[SourceDate "2019.07.29"]

1. Nf3 e6 2. d4 Nf6 3. c4 b6 4. g3 Ba6 5. Qc2 d5 6. b3 Bb4+ 7. Bd2 Be7 8. Bg2
O-O 9. O-O Nbd7 10. Bg5 Rc8 11. cxd5 Nxd5 12. Bxe7 Qxe7 13. Re1 c5 14. dxc5
Rxc5 15. h3 1/2-1/2

[Event "Open Tabor 2019"]
[Site "?"]
[Date "2019.08.03"]
[Round "8.21"]
[White "Malimanek, Marek"]
[Black "Svetly, Jiri"]
[Result "0-1"]
[WhiteElo "1408"]
[BlackElo "1895"]
[PlyCount "126"]
[SourceDate "2019.07.29"]

1. b3 d5 2. Bb2 Nc6 3. Nf3 f6 4. d4 Bg4 5. e3 e6 6. Be2 Bb4+ 7. Nbd2 g5 8. Ne5
Nxe5 9. Bxg4 Nxg4 10. Qxg4 Kd7 11. c3 Bd6 12. e4 h5 13. Qe2 c6 14. O-O-O Qe7
15. g3 Re8 16. e5 Bc7 17. f4 g4 18. Nb1 fxe5 19. fxe5 Qg5+ 20. Qd2 Bd8 21. Rhf1
Nh6 22. Kc2 Qg6+ 23. Qd3 Qxd3+ 24. Kxd3 Nf5 25. Rf2 h4 26. gxh4 Rxh4 27. Rg1
Reh8 28. Rgg2 Rh3+ 29. Ke2 g3 30. hxg3 Nxg3+ 31. Kd1 Nf5 32. Bc1 Rh1+ 33. Kc2
Bh4 34. Rf4 Bg3 35. Rf3 R1h2 36. Rxh2 Rxh2+ 37. Nd2 c5 38. Kd3 Rh1 39. Nf1 cxd4
40. cxd4 Bh4 41. Bb2 Bg5 42. Kc3 Rh4 43. Kd3 b5 44. b4 Rg4 45. Rf2 Bh4 46. Rh2
Rg1 47. Nd2 Rg3+ 48. Kc2 Bg5 49. Nb3 Ne3+ 50. Kb1 Rg1+ 51. Bc1 Nf5 52. Kb2
Bxc1+ 53. Nxc1 Nxd4 54. Rh7+ Kc6 55. Rxa7 Rg2+ 56. Kc3 Rc2+ 57. Kxd4 Rxc1 58.
Ra6+ Kd7 59. Rb6 Rc4+ 60. Kd3 Rxb4 61. a4 Rxa4 62. Rxb5 Re4 63. Rb7+ Kc6 0-1

[Event "Open Tabor 2019"]
[Site "?"]
[Date "2019.08.03"]
[Round "8.22"]
[White "Chmelik, Benedikt"]
[Black "Mihaj, Sergej"]
[Result "0-1"]
[WhiteElo "1558"]
[BlackElo "1890"]
[PlyCount "84"]
[SourceDate "2019.07.29"]

1. e4 e5 2. Nf3 Nc6 3. Bb5 Nf6 4. O-O d6 5. d3 Bd7 6. c3 Be7 7. Ba4 O-O 8. Nbd2
h6 9. Re1 Nh7 10. Nf1 f5 11. exf5 Bxf5 12. Ng3 Bg4 13. Bb3+ Kh8 14. Bd5 Bg5 15.
h3 Bxc1 16. Rxc1 Bxf3 17. Bxf3 Ng5 18. Bxc6 bxc6 19. d4 Qf6 20. Rf1 Rab8 21. b3
Rbe8 22. dxe5 Rxe5 23. Qd2 Ne6 24. Rfe1 Rd5 25. Qe3 Nc5 26. Red1 Re5 27. Qd4
Ne6 28. Qd2 Nf4 29. Rf1 h5 30. Rce1 Rg5 31. Kh1 d5 32. Qd4 Qg6 33. Rg1 Nd3 34.
Re2 c5 35. Qe3 Re5 36. Qd2 Rxe2 37. Qxe2 Rxf2 38. Qe3 d4 39. cxd4 cxd4 40. Qxd4
Qxg3 41. Qd8+ Kh7 42. Qe7 Rc2 0-1

[Event "Open Tabor 2019"]
[Site "?"]
[Date "2019.08.03"]
[Round "8.23"]
[White "Kotal, Vit"]
[Black "Mosnicka, Jan"]
[Result "1-0"]
[WhiteElo "1556"]
[BlackElo "1810"]
[PlyCount "93"]
[SourceDate "2019.07.29"]

1. e4 e6 2. d4 d5 3. exd5 exd5 4. Nc3 Nf6 5. Bd3 Nc6 6. Nge2 Be7 7. Bg5 Nb4 8.
f3 Nxd3+ 9. Qxd3 c6 10. a3 Be6 11. Nf4 Bd7 12. Bh4 h6 13. Bf2 Qc7 14. g3 O-O-O
15. O-O-O Bd6 16. Kb1 Bxf4 17. gxf4 Qxf4 18. Na4 Nh5 19. Nc5 Bf5 20. Qb3 Qc7
21. Rhe1 Rde8 22. Re5 Rxe5 23. dxe5 Re8 24. Qa4 b6 25. Na6 Qd7 26. Nb4 Re6 27.
Bxb6 Qb7 28. Bxa7 g5 29. Qa5 Nf4 30. Qc5 Kd7 31. a4 Rxe5 32. a5 Ne6 33. Qc3 f6
34. Bf2 Re2 35. a6 Qa8 36. Bg3 d4 37. Qc4 Rg2 38. a7 Qxa7 39. Qxc6+ Ke7 40. f4
Re2 41. fxg5 d3 42. gxf6+ Kf7 43. Nxd3 Kxf6 44. Rf1 Qe3 45. Bh4+ Kg6 46. Nf4+
Kh7 47. h3 1-0

[Event "Open Tabor 2019"]
[Site "?"]
[Date "2019.08.03"]
[Round "8.24"]
[White "Alexa, Jaroslav"]
[Black "Novak, Rudolf"]
[Result "1/2-1/2"]
[WhiteElo "1734"]
[BlackElo "1499"]
[PlyCount "42"]
[SourceDate "2019.07.29"]

1. d4 d5 2. c4 c6 3. Nf3 g6 4. Nc3 Bg7 5. Bf4 Nf6 6. e3 O-O 7. Rc1 Bg4 8. Qb3
b6 9. Ne5 Be6 10. Qa4 Nh5 11. cxd5 cxd5 12. Nb5 a6 13. Nc7 Ra7 14. Nxe6 fxe6
15. Bg5 Rc7 16. Qd1 Nf6 17. Be2 Ne4 18. Bh4 Rxc1 19. Qxc1 Qd6 20. f4 Qb4+ 21.
Kd1 Qa4+ 1/2-1/2

[Event "Open Tabor 2019"]
[Site "?"]
[Date "2019.08.03"]
[Round "8.25"]
[White "Rolinkova, Lucie"]
[Black "Steinbauer, Sebastian"]
[Result "0-1"]
[WhiteElo "1703"]
[BlackElo "1294"]
[PlyCount "124"]
[SourceDate "2019.07.29"]

1. d4 Nf6 2. Bf4 d5 3. e3 g6 4. Nc3 Bg7 5. Bd3 O-O 6. Nf3 Nc6 7. a3 e6 8. h4 b6
9. Ne5 Bb7 10. g4 h5 11. gxh5 Nxe5 12. dxe5 Nxh5 13. Bg5 Qc8 14. Be2 d4 15. Rg1
dxc3 16. Bxh5 cxb2 17. Rb1 Kh7 18. Bf4 Be4 19. f3 Bb7 20. Bg4 Rd8 21. Qe2 Ba6
22. Qg2 Qd7 23. h5 g5 24. Bxg5 Qd1+ 25. Rxd1 Rxd1+ 26. Kxd1 b1=Q+ 27. Kd2 Qb2
28. f4 Re8 29. Qe4+ Kg8 30. Qa4 Bb5 31. Qb3 Qxb3 32. cxb3 Bf8 33. b4 Kh7 34. f5
Bh6 35. Bf6 Rg8 36. Rg3 Bd7 37. Bh4 exf5 38. Bf3 Rxg3 39. Bxg3 c6 40. Kd3 Kg7
41. Bf4 Bxf4 42. exf4 f6 43. Kd4 fxe5+ 44. Kxe5 Kh6 45. Kf6 c5 46. bxc5 bxc5
47. Ke7 Bb5 48. Kd6 c4 49. Kc5 c3 50. Bd1 Bd3 51. Kd4 c2 52. Bxc2 Bxc2 53. Ke3
Kxh5 54. Kf2 Kg4 55. Ke3 Kg3 56. Ke2 Kxf4 57. Kf2 Ke4 58. Ke2 f4 59. Kf2 f3 60.
Kf1 Ke3 61. Ke1 f2+ 62. Kf1 Kf3 0-1

[Event "Open Tabor 2019"]
[Site "?"]
[Date "2019.08.03"]
[Round "8.27"]
[White "Vojta, Ladislav"]
[Black "Petr, Josef"]
[Result "0-1"]
[WhiteElo "1471"]
[BlackElo "1586"]
[PlyCount "78"]
[SourceDate "2019.07.29"]

1. b4 d5 2. Bb2 Nf6 3. e3 e6 4. b5 c5 5. c4 b6 6. Nf3 Bb7 7. Nc3 Nbd7 8. Be2
Bd6 9. O-O dxc4 10. Bxc4 Qc7 11. h3 O-O 12. Qc2 Bxf3 13. gxf3 Qb7 14. e4 Nh5
15. Ne2 Ne5 16. Kg2 Qe7 17. d4 Nxc4 18. e5 Nxe5 19. dxe5 Qg5+ 20. Kh1 Bxe5 21.
Bc1 Qf6 22. Rb1 Qxf3+ 23. Kg1 Qxh3 24. f4 Bd4+ 25. Nxd4 cxd4 26. Rb3 Qg4+ 27.
Kh2 Rac8 28. Qd2 Rc5 29. Rg1 Qf5 30. Qxd4 h6 31. a4 Qc2+ 32. Kh1 Qxb3 33. Rxg7+
Nxg7 34. Bb2 Rh5+ 35. Kg2 Qh3+ 36. Kf2 e5 37. fxe5 Ne6 38. Qd1 Rf5+ 39. Ke2
Qf3+ 0-1

[Event "Open Tabor 2019"]
[Site "?"]
[Date "2019.08.03"]
[Round "8.28"]
[White "Vanek, Frantisek"]
[Black "Christen, Pierre"]
[Result "0-1"]
[WhiteElo "1413"]
[BlackElo "1863"]
[PlyCount "79"]
[SourceDate "2019.07.29"]

1. Nf3 Nf6 2. b3 d6 3. g3 g6 4. Bb2 Bg7 5. c4 O-O 6. Bg2 c5 7. Nc3 Nc6 8. Rc1
Bd7 9. O-O Qc8 10. h3 Bxh3 11. Ng5 Bxg2 12. Kxg2 h6 13. Nh3 Nd4 14. f3 Qc6 15.
e3 Ne6 16. Rc2 a6 17. a4 Rab8 18. Qa1 Nc7 19. e4 e5 20. d3 b5 21. Rcf2 bxa4 22.
bxa4 Ne6 23. Nd5 Qd7 24. f4 Ng4 25. Rf3 Rxb2+ 26. Qxb2 Nd4 27. f5 Nxf3 28. Kxf3
gxf5 29. Qd2 fxe4+ 30. dxe4 f5 31. Kg2 fxe4 32. Rxf8+ Kxf8 33. Qa5 Nf6 34. Nxf6
Bxf6 35. Qxa6 e3 36. Ng1 Kf7 37. Qb5 Qf5 38. Qb7+ Kg6 39. Qf3 Qc2+ 40. Kh3 0-1

[Event "Open Tabor 2019"]
[Site "?"]
[Date "2019.08.03"]
[Round "8.29"]
[White "Svec, Vitezslav"]
[Black "Vavrousek, Petr"]
[Result "0-1"]
[WhiteElo "1609"]
[BlackElo "1686"]
[PlyCount "76"]
[SourceDate "2019.07.29"]

1. d4 d5 2. Nc3 Nf6 3. Bf4 c6 4. e3 Bf5 5. f3 e6 6. g4 Bg6 7. h4 h6 8. Bd3 Bxd3
9. Qxd3 Nbd7 10. O-O-O c5 11. Nb5 Rc8 12. Nd6+ Bxd6 13. Bxd6 Qa5 14. Kb1 Rc6
15. Be5 c4 16. Qc3 Qa4 17. Ne2 b5 18. Bxf6 Nxf6 19. b3 Qa6 20. b4 Nd7 21. e4
Nb6 22. Nf4 O-O 23. g5 h5 24. Nxh5 Na4 25. Qe3 c3 26. Rdg1 Nb6 27. Nf6+ Kh8 28.
g6 fxg6 29. Rxg6 Rxf6 30. Rxf6 Qa3 31. Rf8+ Kh7 32. Qc1 Qxb4+ 33. Ka1 Qxf8 34.
h5 Nc4 35. Qg5 Ra6 36. Qg6+ Kg8 37. h6 Rxa2+ 38. Kb1 Qb4+ 0-1

[Event "Open Tabor 2019"]
[Site "?"]
[Date "2019.08.03"]
[Round "8.30"]
[White "Lapunik, Pavel"]
[Black "Prochazka, Pavel"]
[Result "0-1"]
[WhiteElo "1725"]
[BlackElo "1681"]
[PlyCount "112"]
[SourceDate "2019.07.29"]

1. f4 c5 2. Nf3 d5 3. e3 g6 4. d4 b6 5. Nc3 Nf6 6. Ne5 Bg7 7. Bb5+ Kf8 8. O-O
e6 9. Be2 Ba6 10. b3 Ne4 11. Nxe4 dxe4 12. c3 Bf6 13. Ba3 Be7 14. Bxa6 Nxa6 15.
Qe2 Qc8 16. Rac1 Kg7 17. Bb2 Qb7 18. a3 Rac8 19. c4 h5 20. f5 exf5 21. d5 f6
22. Nc6 Bd6 23. Qe1 Nb8 24. Qh4 Rhf8 25. Qg5 Qd7 26. Nxb8 Rxb8 27. Rf2 Be5 28.
Bxe5 fxe5 29. a4 a6 30. h3 Rb7 31. g4 Qe7 32. Qxe7+ Rxe7 33. gxh5 gxh5 34. Rg2+
Kf6 35. Kf2 Rg7 36. Rcg1 Rxg2+ 37. Rxg2 h4 38. Rg1 Rb8 39. Ra1 f4 40. Ke2 Rg8
41. exf4 exf4 42. a5 f3+ 43. Ke3 Ke5 44. axb6 Rg2 45. Re1 Rb2 46. d6 Rxb3+ 47.
Kf2 Rxb6 48. d7 Rd6 49. Ra1 Kf4 50. d8=Q e3+ 51. Kf1 Rxd8 52. Re1 a5 53. Ra1 a4
54. Rb1 Rd4 55. Rc1 Kg3 56. Re1 Re4 0-1

[Event "Open Tabor 2019"]
[Site "?"]
[Date "2019.08.03"]
[Round "8.31"]
[White "Slaby, Matej"]
[Black "Sedivy, Karel"]
[Result "0-1"]
[WhiteElo "1000"]
[BlackElo "1757"]
[PlyCount "64"]
[SourceDate "2019.07.29"]

1. c4 c5 2. b3 Nc6 3. Bb2 Nf6 4. e3 g6 5. d3 Bg7 6. Nf3 d6 7. Nbd2 O-O 8. Be2
e5 9. a3 a5 10. Qc2 Bd7 11. d4 exd4 12. exd4 Bf5 13. Qc3 Nd7 14. Qe3 Re8 15.
Qf4 Qf6 16. g4 Rxe2+ 17. Kxe2 Re8+ 18. Qe3 Rxe3+ 19. fxe3 Bxg4 20. Rab1 Qe7 21.
dxc5 Bxb2 22. cxd6 Qf6 23. Rhg1 Nde5 24. Rxb2 Nxf3 25. Rxg4 Qxb2 26. Kxf3 Qxd2
27. c5 Ne5+ 28. Kf4 Nxg4 29. Kxg4 Qxe3 30. b4 h5+ 31. Kh4 Qf4+ 32. Kh3 Qg4# 0-1

[Event "Open Tabor 2019"]
[Site "?"]
[Date "2019.08.03"]
[Round "8.32"]
[White "Cipera, Josef"]
[Black "Slaby, Martin"]
[Result "1-0"]
[WhiteElo "1649"]
[BlackElo "1164"]
[PlyCount "83"]
[SourceDate "2019.07.29"]

1. d4 c6 2. e4 b6 3. Bf4 Bb7 4. Nd2 e6 5. Ngf3 Be7 6. Bd3 Nf6 7. O-O d6 8. h3
Nbd7 9. c3 Qc7 10. Qe2 e5 11. dxe5 dxe5 12. Bh2 O-O-O 13. Nc4 Bd6 14. Rad1 b5
15. Nxd6+ Qxd6 16. Bxb5 Qe7 17. Ba6 Nh5 18. Bxb7+ Kxb7 19. b4 Nf4 20. Qc2 Qf6
21. Bxf4 exf4 22. Nd4 Rb8 23. f3 Ne5 24. c4 Rhc8 25. Nf5 Rd8 26. c5 Ka8 27. a3
g6 28. Nd6 Qe6 29. Rb1 Rxd6 30. cxd6 Nc4 31. Rbc1 Ne3 32. Qxc6+ Rb7 33. Rf2 Qd7
34. Rd2 Qxc6 35. Rxc6 Rd7 36. Rc7 Rxc7 37. dxc7 Kb7 38. Rd7 Nc2 39. Rxf7 Nxa3
40. Rxh7 Nb5 41. Rg7 Nxc7 42. Rxg6 1-0

[Event "Open Tabor 2019"]
[Site "?"]
[Date "2019.08.03"]
[Round "8.33"]
[White "Tejnor, Martin"]
[Black "Postl, Frantisek"]
[Result "1-0"]
[WhiteElo "1353"]
[BlackElo "1203"]
[PlyCount "53"]
[SourceDate "2019.07.29"]

1. e4 c6 2. d4 d5 3. exd5 cxd5 4. c4 dxc4 5. Bxc4 Nf6 6. Nf3 Bg4 7. Qb3 e6 8.
Be3 Bxf3 9. gxf3 Nbd7 10. Nc3 Be7 11. Bf4 O-O 12. Qxb7 Rb8 13. Bxb8 Nxb8 14.
O-O-O Qd6 15. Ne4 Nxe4 16. fxe4 Bg5+ 17. Kb1 Nd7 18. e5 Qe7 19. Bb5 Qb4 20.
Qxd7 Rb8 21. h4 Bf4 22. Rd3 Bd2 23. Rb3 Qa5 24. Bc4 Rd8 25. Qe7 Rc8 26. Bxe6
fxe6 27. Qxe6+ 1-0

[Event "Open Tabor 2019"]
[Site "?"]
[Date "2019.08.03"]
[Round "8.34"]
[White "Benes, Jiri"]
[Black "Policar, Martin"]
[Result "1-0"]
[WhiteElo "1000"]
[BlackElo "1045"]
[PlyCount "49"]
[SourceDate "2019.07.29"]

1. d4 Nf6 2. c4 d5 3. Nc3 Bf5 4. e3 Nc6 5. cxd5 Nxd5 6. Nxd5 Qxd5 7. Nf3 O-O-O
8. Bd3 e5 9. Bxf5+ Kb8 10. O-O e4 11. Ne5 Nxe5 12. Qb3 Nf3+ 13. gxf3 Qxf5 14.
f4 Qg4+ 15. Kh1 Rd6 16. Qd1 Qh3 17. Rg1 Rh6 18. Rg2 Be7 19. Qg4 Qf3 20. Qxf3
exf3 21. Rxg7 Rd8 22. Bd2 Rd5 23. Rg8+ Bd8 24. Rag1 Rdh5 25. Rxd8# 1-0

[Event "Open Tabor 2019"]
[Site "?"]
[Date "2019.08.04"]
[Round "9.2"]
[White "Volodin, Viktor"]
[Black "Borkovec, Milan"]
[Result "1/2-1/2"]
[WhiteElo "2178"]
[BlackElo "2253"]
[PlyCount "112"]
[SourceDate "2019.07.29"]

1. Nf3 f5 2. g3 Nf6 3. Bg2 e6 4. d4 d5 5. O-O Bd6 6. b3 Qe7 7. Bb2 O-O 8. Nbd2
c6 9. Ne5 b6 10. c4 Bb7 11. Rc1 a5 12. Qc2 Na6 13. Rfd1 Rac8 14. Qb1 Rfd8 15.
cxd5 cxd5 16. Rxc8 Rxc8 17. Rc1 Qe8 18. Rxc8 Qxc8 19. Qc1 Qxc1+ 20. Bxc1 Nb4
21. Ba3 Bf8 22. Bxb4 Bxb4 23. Nb1 Kf8 24. Bf1 Ke7 25. e3 Ne4 26. f3 Nf6 27. Bb5
g5 28. Nd3 Bd6 29. Nc3 Ne8 30. Ba4 Nc7 31. Ne5 Ba6 32. Nc6+ Kf6 33. Nb8 Bc8 34.
Nd7+ Bxd7 35. Bxd7 Ke7 36. Bc6 Bb4 37. Nb5 Nxb5 38. Bxb5 Bd2 39. Kf2 f4 40.
exf4 gxf4 41. Ke2 Be3 42. Kd3 Bg1 43. g4 Bxh2 44. Kc3 Kd6 45. Bd3 h6 46. Bg6
Bg3 47. Kd3 Be1 48. Be8 Bb4 49. Bb5 Ba3 50. Be8 Bb2 51. Bb5 e5 52. dxe5+ Bxe5
53. Be8 Kc5 54. Bf7 Bb2 55. Bg8 b5 56. Bf7 Be5 1/2-1/2

[Event "Open Tabor 2019"]
[Site "?"]
[Date "2019.08.04"]
[Round "9.3"]
[White "Stinka, Jakub"]
[Black "Nehyba, Martin"]
[Result "1/2-1/2"]
[WhiteElo "2135"]
[BlackElo "2090"]
[PlyCount "74"]
[SourceDate "2019.07.29"]

1. d4 f5 2. Nc3 Nf6 3. Bg5 e6 4. e4 fxe4 5. Nxe4 Be7 6. Bxf6 Bxf6 7. Nf3 Nc6 8.
c3 d6 9. Bd3 Bd7 10. Qc2 Qe7 11. O-O g5 12. Rfe1 O-O-O 13. b4 Rdg8 14. Nfd2 h5
15. b5 Nd8 16. a4 Kb8 17. a5 g4 18. b6 Bc6 19. Qa2 h4 20. a6 axb6 21. axb7 Bxb7
22. Qa7+ Kc8 23. Ba6 Bxa6 24. Qxa6+ Kd7 25. Qb5+ Nc6 26. d5 exd5 27. Nc5+ dxc5
28. Rxe7+ Bxe7 29. Re1 Bd6 30. Qe2 Ne5 31. Qb5+ Kd8 32. Qa4 g3 33. fxg3 hxg3
34. h3 Nd3 35. Re3 Nf4 36. Qa8+ Kd7 37. Qa4+ Kd8 1/2-1/2

[Event "Open Tabor 2019"]
[Site "?"]
[Date "2019.08.04"]
[Round "9.4"]
[White "Heinzel, Olaf"]
[Black "Chval sen., Zdenek"]
[Result "1/2-1/2"]
[WhiteElo "2321"]
[BlackElo "2145"]
[PlyCount "81"]
[SourceDate "2019.07.29"]

1. c4 Nf6 2. g3 g6 3. Bg2 Bg7 4. Nc3 d6 5. e3 O-O 6. Nge2 c5 7. O-O a6 8. d3
Nc6 9. a3 Rb8 10. Rb1 Bd7 11. b4 cxb4 12. axb4 b5 13. cxb5 axb5 14. d4 Qb6 15.
h3 Rfc8 16. Kh2 e6 17. Bd2 d5 18. Nf4 Ne8 19. Nd3 Nd6 20. Ne5 Be8 21. Ne2 Ra8
22. h4 Ra2 23. h5 Rca8 24. hxg6 hxg6 25. Nf4 Nc4 26. Bc1 Ra1 27. Rb3 R8a2 28.
Qd3 Qd8 29. Ne2 Ne7 30. Nc3 Ra7 31. Ne2 Nf5 32. Rb1 Rxb1 33. Qxb1 Qg5 34. Kg1
Qh5 35. Nf4 Qh7 36. Bh3 Bf6 37. Qd3 g5 38. Qe2 Nfd6 39. Qg4 Qf5 40. Qxf5 Nxf5
41. e4 1/2-1/2

[Event "Open Tabor 2019"]
[Site "?"]
[Date "2019.08.04"]
[Round "9.5"]
[White "den Boer, Lennard"]
[Black "Michalcak, Lubomir"]
[Result "1-0"]
[WhiteElo "2148"]
[BlackElo "2031"]
[PlyCount "61"]
[SourceDate "2019.07.29"]

1. e4 c6 2. d4 d5 3. exd5 cxd5 4. c4 Nf6 5. Nc3 g6 6. cxd5 Bg7 7. Bc4 O-O 8.
Nf3 Nbd7 9. d6 exd6 10. O-O Nb6 11. Bb3 Bf5 12. Re1 Rc8 13. Bg5 h6 14. Bd2 Re8
15. Nb5 Rxe1+ 16. Qxe1 a6 17. Na3 Nbd5 18. Rc1 b5 19. h3 Qd7 20. Rxc8+ Qxc8 21.
Qc1 Qe8 22. Bxh6 Nb6 23. Bxg7 Kxg7 24. Qd2 a5 25. Qe3 Qc6 26. Qc3 Qe8 27. Nc2
Be4 28. Qe3 Bxc2 29. Bxc2 Qc6 30. Bd3 b4 31. g4 1-0

[Event "Open Tabor 2019"]
[Site "?"]
[Date "2019.08.04"]
[Round "9.7"]
[White "Petrak, Robert"]
[Black "Zilavy, Jan"]
[Result "1/2-1/2"]
[WhiteElo "2017"]
[BlackElo "2118"]
[PlyCount "101"]
[SourceDate "2019.07.29"]

1. e3 e5 2. Ne2 d5 3. g3 Nf6 4. Bg2 c6 5. d4 Bd6 6. c4 dxc4 7. Qc2 O-O 8. O-O
Re8 9. Nd2 Na6 10. Nxc4 Nb4 11. Qb1 Be6 12. Nxd6 Qxd6 13. b3 e4 14. Ba3 a5 15.
Nc3 Bf5 16. Qc1 Qe6 17. Bxb4 axb4 18. Na4 Bh3 19. Qc5 Qg4 20. Qxb4 Bxg2 21.
Kxg2 Qf3+ 22. Kg1 Ng4 23. Qd6 Nxh2 24. Qf4 Qxf4 25. gxf4 Nxf1 26. Kxf1 Ra5 27.
Nc5 b6 28. Nd7 Rea8 29. Rc1 Rxa2 30. Rxc6 h5 31. Rxb6 Rb2 32. Nc5 f5 33. Ne6
Raa2 34. Rb8+ Kf7 35. Ng5+ Ke7 36. Rb7+ Kd6 37. Nh3 Ra1+ 38. Kg2 Rab1 39. Rxg7
Rxb3 40. Rh7 R1b2 41. Kg3 Rb7 42. Rxh5 Rg7+ 43. Ng5 Kd5 44. Rh6 Kc4 45. Rf6 Rb5
46. Ra6 Kd3 47. Ra3+ Ke2 48. Ra2+ Kd3 49. Ra3+ Ke2 50. Ra2+ Kd3 51. Kh3 1/2-1/2

[Event "GP Tabor 2019"]
[Site "?"]
[Date "2019.07.30"]
[Round "4.1"]
[White "Nehyba, Martin"]
[Black "Borkovec, Milan"]
[Result "1-0"]
[WhiteElo "2090"]
[BlackElo "2253"]
[PlyCount "65"]
[SourceDate "2019.07.29"]

1. e4 e5 2. Nf3 Nc6 3. Bc4 Nf6 4. d3 Be7 5. O-O O-O 6. c3 d6 7. h3 Na5 8. Bb5
c5 9. Re1 a6 10. Ba4 Nc6 11. d4 b5 12. Bc2 exd4 13. cxd4 Nb4 14. Bg5 Nxc2 15.
Qxc2 Bb7 16. Nbd2 Rc8 17. Rad1 Re8 18. dxc5 Rxc5 19. Qd3 Rc8 20. Bf4 d5 21. e5
Ne4 22. Nd4 Qb6 23. N2b3 Rc4 24. Be3 Qc7 25. f3 Qxe5 26. fxe4 dxe4 27. Qd2 Bd6
28. Nf3 exf3 29. Bf4 Rxf4 30. Rxe5 Bxe5 31. Qd7 f2+ 32. Kf1 Rb8 33. Qd8+ 1-0

[Event "Open Tabor 2019"]
[Site "?"]
[Date "2019.07.30"]
[Round "4.3"]
[White "Kotal, Vaclav"]
[Black "Brom, Jiri"]
[Result "1/2-1/2"]
[WhiteElo "2205"]
[BlackElo "2018"]
[PlyCount "70"]
[SourceDate "2019.07.29"]

1. e4 c5 2. Nc3 Nc6 3. Nge2 e5 4. Ng3 Nf6 5. Bc4 d6 6. d3 Be7 7. O-O O-O 8. h3
Be6 9. Nd5 Qd7 10. c3 h6 11. f4 exf4 12. Bxf4 Ne5 13. Nxe7+ Qxe7 14. Bxe5 dxe5
15. Nf5 Bxf5 16. Rxf5 g6 17. Rf2 Kg7 18. Qf3 Ne8 19. Qe3 b6 20. Raf1 Nd6 21.
Bd5 Rac8 22. Kh2 f6 23. Rf3 Ne8 24. Rg3 Nc7 25. Bc4 Ne6 26. Qe2 Nf4 27. Qg4 g5
28. Qd1 Rcd8 29. Rgf3 Qd7 30. Qe1 b5 31. Bd5 Nxd5 32. exd5 Qxd5 33. Qf2 f5 34.
Qe2 Rfe8 35. Qe3 Rd7 1/2-1/2

[Event "Open Tabor 2019"]
[Site "?"]
[Date "2019.07.30"]
[Round "4.4"]
[White "Lys, Josef"]
[Black "Kubin, Petr"]
[Result "*"]
[WhiteElo "2149"]
[BlackElo "1997"]
[PlyCount "33"]
[SourceDate "2019.07.29"]

1. d4 f5 2. Bg5 g6 3. c4 Bg7 4. Nc3 Nf6 5. e3 O-O 6. h4 d6 7. Be2 Nbd7 8. h5 c6
9. Qc2 e5 10. O-O-O Qe8 11. hxg6 hxg6 12. Nf3 Rf7 13. d5 Nc5 14. dxc6 bxc6 15.
Rxd6 Nce4 16. Nxe4 Nxe4 17. Rd8 *

[Event "Open Tabor 2019"]
[Site "?"]
[Date "2019.07.30"]
[Round "4.5"]
[White "Michalcak, Lubomir"]
[Black "Stinka, Jakub"]
[Result "1/2-1/2"]
[WhiteElo "2031"]
[BlackElo "2135"]
[PlyCount "113"]
[SourceDate "2019.07.29"]

1. d4 Nf6 2. c4 g6 3. Nc3 Bg7 4. e4 d6 5. Nf3 O-O 6. Be2 e5 7. dxe5 dxe5 8.
Qxd8 Rxd8 9. Bg5 Re8 10. O-O-O Na6 11. Nd2 Nc5 12. Nd5 Nxd5 13. cxd5 c6 14.
dxc6 bxc6 15. Kb1 Ne6 16. Be3 Nd4 17. Bc4 a5 18. Nb3 a4 19. Nxd4 exd4 20. Bxd4
Rxe4 21. Bxg7 Kxg7 22. Bd3 Rb4 23. a3 Rb6 24. Rhe1 Be6 25. Be4 Rab8 26. Rd2 c5
27. Rc1 Rb3 28. Rxc5 Rxa3 29. Ra5 Rb4 30. f3 Re3 31. Bd5 Bxd5 32. Raxd5 a3 33.
R5d4 Re1+ 34. Ka2 Rxd4 35. Rxd4 axb2 36. Rb4 Rh1 37. h3 Ra1+ 38. Kxb2 Rg1 39.
g4 Rg3 40. Rb3 Rxh3 41. Kc2 Kf6 42. Kd2 Kg5 43. Ke3 f5 44. Rb5 Rh1 45. gxf5
gxf5 46. Kf2 h5 47. Kg3 Rg1+ 48. Kh2 Ra1 49. Rb4 f4 50. Rc4 Ra2+ 51. Kh3 Rf2
52. Rc5+ Kf6 53. Rxh5 Rxf3+ 54. Kg4 Rf1 55. Rf5+ Ke6 56. Rxf4 Rxf4+ 57. Kxf4
1/2-1/2

[Event "Open Tabor 2019"]
[Site "?"]
[Date "2019.07.30"]
[Round "4.6"]
[White "Zilavy, Jan"]
[Black "Loskot, Petr"]
[Result "0-1"]
[WhiteElo "2118"]
[BlackElo "1999"]
[PlyCount "62"]
[SourceDate "2019.07.29"]

1. e4 e6 2. d4 d5 3. e5 c5 4. c3 Nc6 5. Nf3 Bd7 6. Be2 cxd4 7. cxd4 Qb6 8. O-O
Nh6 9. Nc3 Nf5 10. Na4 Qc7 11. a3 Be7 12. Re1 O-O 13. Bd3 f6 14. Bxf5 exf5 15.
e6 Be8 16. Nh4 Bd6 17. Nxf5 Bxh2+ 18. Kh1 Bg6 19. Nh4 Be4 20. Re3 g5 21. Rh3
Bf4 22. f3 Bg6 23. Nxg6 hxg6 24. Nc5 Rfe8 25. Qb3 b6 26. Nd7 Qxd7 27. Bxf4 Rxe6
28. Be3 Rae8 29. f4 g4 30. Rg3 f5 31. Bg1 Qh7+ 0-1

[Event "Open Tabor 2019"]
[Site "?"]
[Date "2019.07.30"]
[Round "4.7"]
[White "Chval, Zdenek st."]
[Black "Pavlicek, Petr"]
[Result "1-0"]
[WhiteElo "2145"]
[BlackElo "1828"]
[PlyCount "83"]
[SourceDate "2019.07.29"]

1. Nf3 Nf6 2. c4 e6 3. Nc3 d5 4. d4 Be7 5. Bg5 O-O 6. e3 h6 7. Bh4 b6 8. Bd3
Bb7 9. O-O Nbd7 10. Rc1 c5 11. cxd5 Nxd5 12. Bg3 cxd4 13. exd4 Nxc3 14. Rxc3
Rc8 15. Re1 Nf6 16. Ne5 Qd5 17. Nf3 Rxc3 18. bxc3 Qxa2 19. Ne5 Qd5 20. f3 Rc8
21. Qa1 a5 22. c4 Qd8 23. Bf2 Nd7 24. f4 Bb4 25. Re2 Nxe5 26. fxe5 Ba6 27. Rc2
Qg5 28. Qd1 Bb7 29. g3 Bc6 30. Qe2 Ba4 31. Be3 Qe7 32. Rc1 Rf8 33. Bf4 g5 34.
Qe4 f5 35. exf6 Rxf6 36. Be5 Rf5 37. g4 Rxe5 38. Qxe5 Bd6 39. Qe4 Be8 40. Re1
Bd7 41. Qg6+ Qg7 42. Rxe6 1-0

[Event "Open Tabor 2019"]
[Site "?"]
[Date "2019.07.30"]
[Round "4.8"]
[White "Volodin, Viktor"]
[Black "Svetly, Jiri"]
[Result "1-0"]
[WhiteElo "2178"]
[BlackElo "1895"]
[PlyCount "73"]
[SourceDate "2019.07.29"]

1. Nf3 Nf6 2. c4 g6 3. d4 Bg7 4. g3 c6 5. Bg2 d5 6. O-O O-O 7. cxd5 cxd5 8. Nc3
Nc6 9. Qb3 e6 10. Bf4 a6 11. Rac1 Ne4 12. Rfd1 Nxc3 13. Rxc3 f6 14. a3 g5 15.
Bc1 g4 16. Ne1 f5 17. Nc2 h5 18. Bf4 h4 19. e3 a5 20. Ne1 a4 21. Qc2 Bd7 22.
Nd3 hxg3 23. hxg3 b6 24. Rxc6 Bxc6 25. Qxc6 Qc8 26. Rc1 Re8 27. Qxb6 Qa6 28.
Qxa6 Rxa6 29. Nb4 Rb6 30. Rc7 Bf8 31. Nxd5 exd5 32. Bxd5+ Kh8 33. Be5+ Rxe5 34.
dxe5 Rxb2 35. e6 Bxa3 36. e7 Rb8 37. Bc6 1-0

[Event "Open Tabor 2019"]
[Site "?"]
[Date "2019.07.30"]
[Round "4.9"]
[White "Bartos, Alois"]
[Black "Parak, Dominik"]
[Result "0-1"]
[WhiteElo "1953"]
[BlackElo "2091"]
[PlyCount "72"]
[SourceDate "2019.07.29"]

1. e4 e6 2. d4 d5 3. Nc3 Bb4 4. e5 c5 5. a3 Bxc3+ 6. bxc3 Ne7 7. Qg4 Qc7 8.
Qxg7 Rg8 9. Qxh7 cxd4 10. Ne2 dxc3 11. f4 b6 12. Qd3 Ba6 13. Qxc3 Nbc6 14. Nd4
Bxf1 15. Kxf1 Qb7 16. Nxc6 Nxc6 17. Qd3 Rc8 18. Bd2 d4 19. Rg1 Ne7 20. Rc1 Nf5
21. Kf2 Rc5 22. g4 Nh4 23. Rg3 Qd5 24. Rcg1 Ng6 25. Re1 Ne7 26. h4 Rc4 27. h5
Qc5 28. Rc1 Nd5 29. g5 Ne3 30. Bxe3 dxe3+ 31. Rxe3 Rxf4+ 32. Kg3 Rf5 33. g6
Rxh5 34. Rce1 Rf5 35. Qe4 Rxg6+ 36. Kh4 Qe7+ 0-1

[Event "Open Tabor 2019"]
[Site "?"]
[Date "2019.07.30"]
[Round "4.10"]
[White "Zidu, Jan"]
[Black "Hurtak, Otto"]
[Result "1-0"]
[WhiteElo "1852"]
[BlackElo "2048"]
[PlyCount "65"]
[SourceDate "2019.07.29"]

1. e4 c5 2. Nf3 g6 3. c4 Nc6 4. d4 cxd4 5. Nxd4 Bg7 6. Be3 Nf6 7. Nc3 Ng4 8.
Qxg4 Nxd4 9. Qd1 e5 10. Qd2 d6 11. h3 Be6 12. O-O-O O-O 13. Kb1 a6 14. Ne2 Nc6
15. Nc1 Qc8 16. Bb6 Nd4 17. Nb3 Qc6 18. Nxd4 Qxb6 19. Nxe6 fxe6 20. Qxd6 Qxd6
21. Rxd6 Rxf2 22. c5 Rc8 23. b4 b5 24. Rxa6 Rb8 25. c6 Bf8 26. a3 Rd8 27. Bxb5
Rdd2 28. Bc4 Rc2 29. Bxe6+ Kh8 30. Rc1 Rxc1+ 31. Kxc1 Bd6 32. Ra8+ Kg7 33. Rd8
1-0